[Event "Andalusia-ch Rapid"]
[Site "Dos Hermanas"]
[Date "2021.06.12"]
[Round "3"]
[White "Balbuena Fuentes, Mario"]
[Black "Jimenez Hernandez, Cayetano"]
[Result "0-1"]
[WhiteElo "2263"]
[BlackElo "2320"]
[PlyCount "74"]
[EventDate "2021.06.12"]
[EventType "swiss (rapid)"]
[EventRounds "8"]
[EventCountry "ESP"]
[SourceTitle "CBM 203 Extra"]
[Source "ChessBase"]
[SourceDate "2021.09.30"]
[SourceVersion "1"]
[SourceVersionDate "2021.09.30"]
[SourceQuality "1"]

1. e4 c5 2. Nc3 d6 3. d4 cxd4 4. Qxd4 a6 5. b3 Nc6 6. Qd2 Nf6 7. Bb2 e5 8. 0-0-0 Be7 9. Kb1 0-0 10. f3 Be6 11. g4 Nd4 12. h4 Rc8 13. h5 Nd7 14. Bd3 Nb6 15. Nce2 Nc6 16. c4 a5 17. Nc3 Bg5 18. Qg2 Nb4 19. Nh3 Be3 20. Nd5 a4 21. Nxe3 axb3 22. axb3 Ra8 23. Nc2 Nc6 24. g5 Nd7 25. g6 Nc5 26. gxh7+ Kxh7 27. Rhg1 Rg8 28. Ng5+ Kh8 29. Nxe6 fxe6 30. Qg6 Qf6 31. h6 Qxg6 32. Rxg6 Kh7 33. Rdg1 Nxd3 34. Rxg7+ Rxg7 35. Rxg7+ Kh8 36. Ne3 Rf8 37. Rxb7 Rxf3 0-1

[Event "Andalusia-ch Rapid"]
[Site "Dos Hermanas"]
[Date "2021.06.12"]
[Round "4"]
[White "Jimenez Hernandez, Cayetano"]
[Black "Gomez Ledo, Roberto Carlos"]
[Result "0-1"]
[WhiteElo "2320"]
[BlackElo "2446"]
[PlyCount "62"]
[EventDate "2021.06.12"]
[EventType "swiss (rapid)"]
[EventRounds "8"]
[EventCountry "ESP"]
[SourceTitle "CBM 203 Extra"]
[Source "ChessBase"]
[SourceDate "2021.09.30"]
[SourceVersion "1"]
[SourceVersionDate "2021.09.30"]
[SourceQuality "1"]

1. e4 e5 2. Nf3 Nc6 3. Bb5 a6 4. Ba4 Nf6 5. 0-0 Be7 6. Re1 b5 7. Bb3 d6 8. c3 0-0 9. h3 Nb8 10. d4 Nbd7 11. Nbd2 Bb7 12. Bc2 Re8 13. Nf1 Bf8 14. Ng3 g6 15. a4 Nb6 16. d5 c6 17. a5 Nbd7 18. dxc6 Bxc6 19. Bb3 Nc5 20. Bc2 Qc7 21. b4 Ne6 22. Be3 Qb7 23. Ng5 Nd8 24. Bb6 h6 25. Nf3 Ne6 26. c4 bxc4 27. Ba4 Nf4 28. Bxc6 Qxc6 29. Rc1 Qb5 30. Re3 d5 31. exd5 N4xd5 0-1

[Event "Espartinas"]
[Site "Espartinas"]
[Date "2007.04.29"]
[Round "2"]
[White "Aranaz Portugues, Jose Carlos"]
[Black "Jimenez Hernandez, Cayetano"]
[Result "0-1"]
[WhiteElo "2180"]
[BlackElo "2229"]
[PlyCount "92"]
[EventDate "2007.04.28"]
[EventType "tourn"]
[EventRounds "9"]
[EventCountry "ESP"]
[EventCategory "1"]
[SourceTitle "CBM 118 Extra"]
[Source "ChessBase"]
[SourceDate "2007.07.04"]
[SourceVersion "1"]
[SourceVersionDate "2007.07.04"]
[SourceQuality "1"]

1. d4 d5 2. Nf3 Nc6 3. Bf4 Bg4 4. e3 e6 5. Be2 Bd6 6. Bxd6 Qxd6 7. 0-0 Nf6 8. c4 dxc4 9. Na3 0-0 10. Nxc4 Qd5 11. Rc1 Nd7 12. h3 Bh5 13. a3 Rad8 14. Qc2 Bg6 15. Qc3 Nf6 16. b4 Ne4 17. Qb2 a6 18. Ncd2 Nxd2 19. Nxd2 e5 20. Rc5 Qd7 21. d5 Ne7 22. Qxe5 Nxd5 23. Nb3 Rfe8 24. Qg3 c6 25. Rd1 Qe7 26. Nd4 Be4 27. Nb3 Rd6 28. Rd4 Rg6 29. Rxe4 Qxe4 30. Qf3 Nf4 31. g4 Nxe2+ 32. Qxe2 Rd6 33. Rc2 Qd3 34. Qxd3 Rxd3 35. Nc5 Rxa3 36. Nxb7 Rb3 37. Rc4 Rb8 38. Rxc6 Rxb4 39. Nc5 R4b6 40. Rc7 Ra8 41. Rd7 a5 42. Kg2 g6 43. g5 a4 44. Rd1 a3 45. Nd7 Rb5 46. Nf6+ Kg7 0-1

[Event "Seville op 32nd"]
[Site "Seville"]
[Date "2007.01.14"]
[Round "8"]
[White "Jimenez de la Torre, Jose Antonio"]
[Black "Jimenez Hernandez, Cayetano"]
[Result "0-1"]
[WhiteElo "2145"]
[BlackElo "2229"]
[PlyCount "56"]
[EventDate "2007.01.07"]
[EventType "swiss"]
[EventRounds "9"]
[EventCountry "ESP"]
[SourceTitle "CBM 116 Extra"]
[Source "ChessBase"]
[SourceDate "2007.03.07"]
[SourceVersion "1"]
[SourceVersionDate "2007.03.07"]
[SourceQuality "1"]

1. e4 c5 2. Nf3 d6 3. d4 cxd4 4. Nxd4 Nf6 5. Nc3 a6 6. Bg5 e6 7. f4 Qc7 8. Qf3 b5 9. Bd3 Nbd7 10. 0-0-0 b4 11. Nd5 exd5 12. exd5 Bb7 13. Rhe1+ Kd8 14. Qe4 Qc5 15. Qe8+ Kc7 16. Qxf7 Qxd4 17. Be4 Qc5 18. Bxf6 gxf6 19. Bf5 Rd8 20. Re8 Bh6 21. Rxh8 Bxf4+ 22. Kb1 Rxh8 23. Bxd7 Kb6 24. Be6 Be5 25. a4 a5 26. Bg4 b3 27. Bf5 bxc2+ 28. Bxc2 Qb4 0-1

[Event "Seville op 32nd"]
[Site "Seville"]
[Date "2007.01.07"]
[Round "9"]
[White "Jimenez Hernandez, Cayetano"]
[Black "Narciso Dublan, Marc"]
[Result "1-0"]
[WhiteElo "2229"]
[BlackElo "2537"]
[PlyCount "97"]
[EventDate "2007.01.07"]
[EventType "swiss"]
[EventRounds "9"]
[EventCountry "ESP"]
[SourceTitle "CBM 116 Extra"]
[Source "ChessBase"]
[SourceDate "2007.03.07"]
[SourceVersion "1"]
[SourceVersionDate "2007.03.07"]
[SourceQuality "1"]

1. e4 e5 2. Nf3 Nc6 3. Bb5 a6 4. Ba4 Nf6 5. 0-0 Be7 6. Re1 b5 7. Bb3 d6 8. c3 0-0 9. h3 Nd7 10. d4 Bf6 11. a4 Bb7 12. a5 Ne7 13. Nbd2 Ng6 14. Nf1 exd4 15. cxd4 c5 16. Ng3 cxd4 17. Nxd4 Nc5 18. Ba2 Re8 19. Ndf5 Nxe4 20. Nxe4 Rxe4 21. Rxe4 Bxe4 22. Nxd6 Be5 23. Bf4 Bxf4 24. Nxe4 Qe7 25. g3 Be5 26. Qh5 Bf6 27. Nxf6+ Qxf6 28. Re1 Rd8 29. Qc5 h6 30. Bd5 Qf5 31. Rd1 Kh8 32. b4 Qxh3 33. Re1 Qd7 34. Bf3 f6 35. Rd1 Qe8 36. Rxd8 Qxd8 37. Qd5 Qe7 38. Qa8+ Kh7 39. Qxa6 Qxb4 40. Bc6 Qe1+ 41. Kg2 b4 42. Qd3 Qe6 43. Be4 f5 44. Bxf5 Qc6+ 45. Be4 Qe8 46. a6 Qb8 47. Bxg6+ Kh8 48. a7 Qg8 49. Qe4 1-0